Top 12 Best things to put on Burger - Statistics

General Stats
  • This quiz has been taken 98 times
  • The average score is 6 of 12
Answer Stats
Number Topping % Correct
1 Cheese
99%
11 Tomato
92%
3 Condiments
91%
8 Lettuce
87%
5 Bacon
72%
4 Pickles
64%
2 Onions
62%
12 Mushrooms
23%
10 Eggs
11%
7 Avocado
5%
9 Chili
5%
6 Chilies
0%
No matching quizzes found
Score Distribution
Percent of People with Each Score
Percentile by Number Answered
Your Score History
You have not taken this quiz